[Event "Kronach Oberfranken Cup"]
[Site "Kronach"]
[Date "2022.07.02"]
[Round "2"]
[White "Riedel, Daniel"]
[Black "Trachuk, Andriy"]
[Result "0-1"]
[WhiteElo "1452"]
[BlackElo "1617"]
[PlyCount "100"]
[EventDate "2022.07.01"]
[EventType "swiss"]
[EventRounds "5"]
[EventCountry "GER"]
[SourceTitle "EXT 2023"]
[Source "ChessBase"]
[SourceDate "2022.10.05"]
[SourceVersion "1"]
[SourceVersionDate "2022.10.05"]
[SourceQuality "1"]

1. e4 e5 2. Nf3 Nf6 3. Nc3 Bb4 4. Nd5 Nxd5 5. exd5 0-0 6. c3 Ba5 7. Be2 d6 8. 0-0 c6 9. dxc6 bxc6 10. d4 e4 11. Nd2 d5 12. Nb3 Bc7 13. c4 Qd6 14. g3 Bh3 15. Re1 Qe7 16. Bg4 Bxg4 17. Qxg4 Nd7 18. cxd5 cxd5 19. Bh6 f5 20. Qg5 Qxg5 21. Bxg5 Bd6 22. a3 Rfc8 23. Rac1 Kf7 24. Rxc8 Rxc8 25. Rc1 Rc4 26. Rxc4 dxc4 27. Na5 Nb6 28. Be3 Ke6 29. Kf1 Kd5 30. Ke2 Na4 31. b3 cxb3 32. Nxb3 Bxa3 33. Kd2 Bb4+ 34. Kc2 h6 35. h4 h5 36. Nd2 Nb6 37. Kb3 a5 38. Nb1 Kc6 39. Nc3 Bxc3 40. Kxc3 Kb5 41. Kb3 a4+ 42. Ka3 Nc4+ 43. Ka2 Nb6 44. Ka3 Nd5 45. Bd2 Kc4 46. Be3 Nc3 47. Kb2 Nb5 48. Ka2 Nxd4 49. Bxd4 Kxd4 50. Ka3 Kd3 0-1